Statistiques concernant Géographie par lettre - M

Cliquez ici pour prendre le quiz!

Statistiques générales

  • Ce quiz a été pris 8,293 fois
  • Le résultat moyen est 14 sur 24

Statistiques - réponses

allusion réponse % Correct
La ville la plus sainte de l'islamLa {Mecque}
96%
Le pays de CasablancaMaroc
92%
Troisième plus grande ville d'AngleterreManchester
91%
Dialecte chinois le plus populairemandarin
89%
Capitale de la BiélorussieMinsk
78%
La patrie de Gengis KhanMongolie
77%
La plus grande île de l'océan IndienMadagascar
76%
Saison des pluies tropicalesmousson
74%
Nation insulaire méditerranéenneMalte
73%
La plus grande ville francophone
des Amériques
Montréal
70%
Il borde le Belize et le GuatemalaMexique
64%
Ville méditerranéenne en OccitanieMontpellier
61%
Principale religion de l'Utahmormonisme
60%
Indigènes de Nouvelle-ZélandeMaori
56%
Zone historique contenant
l'Irak moderne
Mésopotamie
51%
Fleuve majeur en IndochineMékong
44%
Ville de l'Egypte ancienne
(et du Tennessee)
Memphis
44%
La capital du jeu de la ChineMacao
39%
La ville française avec l'aéroport
de Bâle
Mulhouse
37%
La partie nord-est de la ChineMandchourie
34%
Winnipeg est sa capitaleManitoba
28%
Désert dans le sud-est de la CalifornieMojave
27%
Groupe ethnique hongrois primairemagyar
26%
La deuxième plus grande ville d'Iran,
population de 3 millions
Mechhed
7%

Distribution des résultats

Percentile par nombre de réponses

% des personnes avec chaque résultat

Votre développement - résultats

Vous n’avez pas pris ce quiz